000 00234nam a22000977a 4500
008 160512b xxu||||| |||| 00| 0 eng d
041 _aeng
080 _a618
245 _aSurgery Gynecology & Obstetrics / REVISTA
_cSGO;
942 _2udc
_cBK
999 _c2140
_d2140